00381nam a2200121Ia 4500008004100000245012200041260001800163260000900181300000800190500001000198650001300208856003800221170516s9999 xx 000 0 und d aApplication of Pharmacokinetic and Pharmacodynamic Analysis to the Development of Liposomal Formulations for Oncology bPharmaceutics c2014 a6:1 aMarch xPharmacy uhttp://www.mdpi.com/1999-4923/6/1